Noms de figures de style - Statistiques

Statistiques générales
  • Ce quiz a été pris 45 fois
    4 depuis la dernière actualisation
  • Le résultat moyen est 8 sur 14
Answers on the Grid
Answers color-coded by a green-red scale on the quiz's grid according to % correct below.
Affrication
Antanaclase
Antiphrase
Catachrèse
Chiasme
Copule
Déixis
Diachronie
Digression
Épenthèse
Hapax
Hyperbate
Hyperonymie
Hypocoristique
Idiome
Isocolon
Kakemphaton
Métathèse
Oxymore
Phonème
Prétérition
Prosopopée
Rétronymie
Supin
 
Statistiques - réponses
Réponse % Correct
Antiphrase
100%
Oxymore
100%
Prosopopée
100%
Chiasme
75%
Digression
75%
Métathèse
75%
Antanaclase
50%
Épenthèse
50%
Hyperbate
50%
Prétérition
50%
Catachrèse
25%
Hypocoristique
25%
Isocolon
25%
Kakemphaton
25%
Aucun quiz correspondant
Distribution des résultats
% des personnes avec chaque résultat
Percentile par nombre de réponses
Votre historique - résultats
Vous n’avez pas pris ce quiz depuis la dernière actualisation